[Event "cha cha"]
[Site "http://www.queenalice.com/game.php?id=101980"]
[Date "2006.9.3"]
[Round "-"]
[White "TortugaChat"]
[Black "kokkieschaak"]
[Result "0-1"]
[WhiteElo "1689"]
[BlackElo "1725"]

1. e4 Nc6 2. d4 d6 3. d5 Ne5 4. Bf4 Ng6 5. Bd2 e5 6. dxe6 Bxe6 7. Nf3 Nf6 8. Bg5
Be7 9. Nc3 O-O 10. Bd3 c6 11. O-O Qc7 12. Nh4 Nxe4 13. Bxe4 Bxg5 14. Nxg6 fxg6
15. Qd3 Bf5 16. Rae1 d5 17. Bxd5+ cxd5 18. Qxd5+ Qf7 19. Qxf7+ Rxf7 20. Re2 Rc8
21. Rfe1 Rff8 22. f3 Bf6 23. Nb5 Rxc2 24. Re8 Bd7 25. Rxf8+ Kxf8 26. Nxa7 Bd4+
27. Kh1 Bxa7 28. h4 Bf2 29. Rb1 Bg3 30. f4 Bc6 31. Kg1 Rxg2+ 32. Kf1 Bh2 33. Rd1
Rg1+ 34. Ke2 Bf3+ 35. Kxf3 Rxd1 36. b3 Ra1 0-1

[Event "Challenge"]
[Site "http://www.queenalice.com/game.php?id=107832"]
[Date "2006.9.19"]
[Round "-"]
[White "TortugaChat"]
[Black "wiphity"]
[Result "1-0"]
[WhiteElo "1689"]
[BlackElo "1007"]

1. e4 g6 2. d4 b5 3. Bxb5 Nc6 4. Bxc6 dxc6 5. e5 Nh6 6. Nf3 Nf5 7. g4 Nh6 8.
Bxh6 Bxh6 9. g5 Bf8 10. h4 h6 11. Qd3 hxg5 12. Nxg5 f6 13. Qxg6+ 1-0

[Event "Challenge"]
[Site "http://www.queenalice.com/game.php?id=107834"]
[Date "2006.9.19"]
[Round "-"]
[White "TortugaChat"]
[Black "kako"]
[Result "1-0"]
[WhiteElo "1634"]
[BlackElo "1809"]

1. e4 e5 2. Nf3 d6 3. Nc3 Nf6 4. d3 Bg4 5. Be2 h6 6. h3 Be6 7. O-O Nc6 8. d4
exd4 9. Nxd4 Nxd4 10. Qxd4 Be7 11. Be3 O-O 12. e5 dxe5 13. Qxe5 a6 14. Rad1 Qc8
15. Rd2 Bd6 16. Qd4 Rd8 17. Bf4 Be7 18. Qe3 Rxd2 19. Qxd2 c6 20. Qe3 Qe8 21. Qg3
g5 22. Be3 Nd5 23. Ne4 f5 24. Bxg5 hxg5 25. Nxg5 f4 26. Qh4 Bxg5 27. Qxg5+ Kf8
28. Bf3 Qf7 29. Qh6+ Ke7 30. Bh5 Qg8 31. Re1 Nf6 32. Bf3 Qf7 33. Qxf4 Kf8 34.
Qb4+ Kg7 35. Rxe6 Ng8 36. Bg4 Rf8 37. Qc3+ Nf6 38. Re3 Kh6 39. Qd2 Kg7 40. Qc3
Qg6 41. Rg3 Kh7 42. Be2 Qe8 43. Bd3+ Kh8 44. Rg6 Qd8 45. Rh6+ Kg8 46. Qd2 Nd5
47. Rg6+ Kf7 48. Qh6 Ne7 49. Bc4+ Ke8 50. Qh5 Nxg6 51. Qxg6+ Kd7 52. Qe6+ Kc7
53. Qe5+ Qd6 54. Qg7+ Kb6 55. Qc3 Rd8 56. Be2 Re8 57. Qb3+ Ka7 58. Qd3 Qb8 59.
Qd4+ Ka8 60. Bd3 Re1+ 61. Bf1 Re7 62. a4 Qc7 63. g4 Qc8 64. f4 Rd7 65. Qb6 Rd2
66. c4 Qh8 67. b4 Qh4 68. Qe3 Qd8 69. Be2 Rd7 70. a5 Rh7 71. g5 Qh8 72. Bg4 Qa1+
73. Kg2 Qb2+ 74. Be2 Qxb4 75. Qe8+ Ka7 76. Qg6 Re7 77. Qh5 Qd2 78. Kf2 Qd4+ 79.
Kg3 Re3+ 80. Kg4 1-0

[Event "Let's Play Chess!"]
[Site "http://www.queenalice.com/game.php?id=122447"]
[Date "2006.10.27"]
[Round "-"]
[White "Hortelino"]
[Black "TortugaChat"]
[Result "1-0"]
[WhiteElo "1587"]
[BlackElo "1667"]

1. d4 d5 2. c4 dxc4 3. e4 e5 4. Nf3 f6 5. Nc3 Bb4 6. Bxc4 Bxc3+ 7. bxc3 Bg4 8.
Qb3 Bxf3 9. Bxg8 Bh5 10. Ba3 Nc6 11. Qxb7 Ne7 12. Bxe7 Rb8 13. Bxd8 Rxb7 14. Bd5
Rb2 15. Bxc7 Re2+ 16. Kf1 exd4 17. f3 Rd2 18. Bf4 Rd3 19. cxd4 Rxd4 20. Ke2 f5
21. Rhc1 Kd7 22. Rc7+ Kd8 23. Rb1 1-0

[Event "Let's Play Chess!"]
[Site "http://www.queenalice.com/game.php?id=122448"]
[Date "2006.10.27"]
[Round "-"]
[White "TortugaChat"]
[Black "Hortelino"]
[Result "0-1"]
[WhiteElo "1657"]
[BlackElo "1606"]

1. e4 c5 2. Nf3 Nc6 3. Bb5 e6 4. Bxc6 dxc6 5. O-O g6 6. Qe2 Bg7 7. Re1 Nf6 8. d3
O-O 9. e5 Nd5 10. c4 Ne7 11. Be3 b6 12. Nc3 Nf5 13. Bg5 Qc7 14. Bf6 h6 15. Qe4
Re8 16. Qg4 Bxf6 17. exf6 e5 18. Nxe5 Rxe5 19. Rxe5 Qxe5 20. Kf1 Ne3+ 21. fxe3
Bxg4 22. h3 Be6 23. Re1 Qxf6+ 24. Kg1 Rd8 25. Ne4 Qxb2 26. Rf1 Rxd3 27. Nf6+ Kg7
28. e4 Rd2 29. Rf3 Bxc4 30. e5 Rxg2+ 31. Kh1 Rh2+ 0-1

[Event "Let's Play Chess!"]
[Site "http://www.queenalice.com/game.php?id=124698"]
[Date "2006.11.2"]
[Round "-"]
[White "sanabas"]
[Black "TortugaChat"]
[Result "0-1"]
[WhiteElo "1432"]
[BlackElo "1641"]

1. e4 e5 2. d4 exd4 3. Qxd4 Nc6 4. Qe3 Nf6 5. Nc3 Bb4 6. Nf3 O-O 7. a3 Bxc3+ 8.
Qxc3 Nxe4 9. Qe3 d6 10. Qxe4 Re8 11. Bd3 Rxe4+ 12. Bxe4 Qe7 13. Nd2 Bf5 14. f3
d5 15. g4 Bxe4 16. fxe4 Qh4+ 17. Ke2 Qxg4+ 18. Kd3 dxe4+ 19. Nxe4 Ne5+ 20. Kd4
Nf3+ 21. Ke3 Re8 22. Kf2 Rxe4 23. Be3 b6 24. h3 Qf5 25. Ke2 Qh5 26. Kd3 Qd5+ 27.
Ke2 Nd4+ 28. Kf2 Qf5+ 29. Ke1 Rxe3+ 0-1

[Event "Who wants to lose?"]
[Site "http://www.queenalice.com/game.php?id=124919"]
[Date "2006.11.3"]
[Round "-"]
[White "Knighty13"]
[Black "TortugaChat"]
[Result "1-0"]
[WhiteElo "1752"]
[BlackElo "1683"]

1. d4 d5 2. c4 dxc4 3. e4 b5 4. a4 Nc6 5. axb5 Nxd4 6. Bxc4 Nf6 7. Nc3 e5 8.
Nge2 Bb4 9. Bd2 Bxc3 10. bxc3 Nxe2 11. Qxe2 Qd7 12. Rd1 c5 13. bxc6 Qxc6 14. Bb5
Bb7 15. Bxc6+ Bxc6 16. Qa6 Bxe4 17. O-O O-O 18. Be3 Rfd8 19. Rxd8+ Rxd8 20. Qxa7
Rd7 21. Qb8+ 1-0

[Event "Let's Play Chess!"]
[Site "http://www.queenalice.com/game.php?id=130452"]
[Date "2006.11.17"]
[Round "-"]
[White "Knighty13"]
[Black "TortugaChat"]
[Result "1-0"]
[WhiteElo "1765"]
[BlackElo "1657"]

1. d4 d5 2. c4 dxc4 3. e4 e5 4. d5 Qd6 5. Nc3 Qb4 6. Qa4+ Qxa4 7. Nxa4 Bb4+ 8.
Nc3 Bxc3+ 9. bxc3 Nf6 10. Bg5 Nxe4 11. Bd2 O-O 12. Bxc4 Bf5 13. Nf3 Re8 14. O-O
Nd7 15. Rfe1 Re7 16. Bb3 Nb6 17. c4 Nxd2 18. Nxd2 e4 19. Rac1 Rd8 20. Rc3 c6 21.
Rce3 cxd5 22. cxd5 Nxd5 23. Bxd5 Rxd5 24. Nb3 a5 25. f3 Rb5 26. Nd4 Rc5 27. Nxf5
Rd7 28. Ng3 g6 29. Nxe4 Rc6 30. Rb3 Rdc7 31. Ra3 b6 32. h3 h6 33. Rb1 f5 34. Ng3
Rc2 35. Rxb6 f4 36. Ne4 Re2 37. Rxg6+ Kh7 38. Rg4 Re1+ 39. Kh2 Rcc1 40. Nf2 Rf1
41. Rxa5 1-0

[Event "Let's Play Chess!"]
[Site "http://www.queenalice.com/game.php?id=130543"]
[Date "2006.11.17"]
[Round "-"]
[White "MCMLXXXI"]
[Black "TortugaChat"]
[Result "0-1"]
[WhiteElo "1679"]
[BlackElo "1667"]

1. e4 e5 2. Nf3 Nc6 3. Bc4 Nf6 4. O-O Bc5 5. c3 Nxe4 6. d4 exd4 7. cxd4 Bd6 8.
Re1 Qe7 9. Bd5 f5 10. Nc3 Nb4 11. Bxe4 O-O 12. Bxf5 Qf6 13. Bd3 Bf4 0-1

[Event "Let's Play Chess!"]
[Site "http://www.queenalice.com/game.php?id=130544"]
[Date "2006.11.17"]
[Round "-"]
[White "TortugaChat"]
[Black "MCMLXXXI"]
[Result "1-0"]
[WhiteElo "1649"]
[BlackElo "1697"]

1. e4 c5 2. Nf3 Nc6 3. Bb5 a6 4. Bxc6 bxc6 5. O-O d5 6. c4 d4 7. Ne5 Qd6 8. f4
f6 9. Qh5+ Kd8 10. Nf7+ Kc7 11. Nxd6 exd6 12. d3 g6 13. Qh4 1-0

[Event "Let's Play Chess!"]
[Site "http://www.queenalice.com/game.php?id=132234"]
[Date "2006.11.22"]
[Round "-"]
[White "CampbellMarcel"]
[Black "TortugaChat"]
[Result "1-0"]
[WhiteElo "1701"]
[BlackElo "1672"]

1. e4 e5 2. Nf3 Nc6 3. Bc4 Nf6 4. d3 Na5 5. Nxe5 Nxc4 6. Nxc4 Bc5 7. Be3 Bxe3 8.
Nxe3 d5 9. exd5 Qe7 10. O-O O-O 11. Re1 Qe5 12. Ng4 Qg5 13. Nxf6+ Qxf6 14. c3
Qg5 15. c4 b5 16. b3 Bb7 17. Nd2 c6 18. Nf3 Qg6 19. Ne5 Qe6 20. dxe6 fxe6 21.
Qg4 Rf6 22. Nd7 Rg6 23. Qh3 c5 24. f3 Rc8 25. Rxe6 Rg5 26. Rae1 h6 27. Re8+ Rxe8
28. Rxe8+ Kh7 29. Nf8+ Kg8 30. Ne6+ Kf7 31. Rb8 Re5 32. Nd8+ Kg6 33. Rxb7 bxc4
34. Qg4+ Rg5 35. Rb6+ Kh7 36. Qe4+ Kg8 37. Qe8+ Kh7 38. Nf7 1-0

[Event "Let's Play Chess!"]
[Site "http://www.queenalice.com/game.php?id=132235"]
[Date "2006.11.22"]
[Round "-"]
[White "TortugaChat"]
[Black "CampbellMarcel"]
[Result "1-0"]
[WhiteElo "1645"]
[BlackElo "1352"]

1. e4 c5 2. Nf3 Nc6 3. Bb5 b6 4. Bxc6 dxc6 5. O-O Bg4 6. Nc3 Nf6 7. e5 Nd5 8.
Ne2 Bxf3 9. c4 Bxe2 10. Qxe2 Nf4 11. Qe4 Nd5 12. cxd5 cxd5 13. Qa4+ Qd7 14.
Qxd7+ Kxd7 15. d3 e6 16. b3 h5 17. f4 g6 18. Bb2 d4 19. a4 a5 20. h4 Be7 21. g3
f5 22. exf6 Bxf6 23. Rae1 Rhe8 24. Re4 Rg8 25. Rfe1 Rae8 26. Bc1 Rg7 27. Kg2
Rge7 28. Kf3 e5 29. R4e2 Kd6 30. fxe5+ Bxe5 31. Rxe5 Rxe5 32. Bf4 Kd5 33. Bxe5
Rxe5 34. Rxe5+ Kxe5 35. g4 hxg4+ 36. Kxg4 Kf6 37. Kf4 Ke6 38. Kg5 Kf7 39. h5
gxh5 40. Kxh5 Kf6 41. Kg4 Ke5 42. Kf3 Kd5 43. Kf4 Kc6 44. Ke4 b5 45. Ke5 bxa4
46. bxa4 Kb6 47. Kd5 Ka6 48. Kxc5 1-0

[Event "Let's Play Chess!"]
[Site "http://www.queenalice.com/game.php?id=135393"]
[Date "2006.12.1"]
[Round "-"]
[White "LionAdnel"]
[Black "TortugaChat"]
[Result "1-0"]
[WhiteElo "1500"]
[BlackElo "1649"]

1. e4 e5 2. Nf3 Nc6 3. Bc4 Nf6 4. Ng5 d5 5. exd5 Nxd5 6. Nxf7 Kxf7 7. Qf3+ Ke6
8. Nc3 Nb4 9. Nxd5 Nxd5 10. O-O Bd6 11. Bxd5+ Kd7 12. Qf5+ 1-0

[Event "Bruscato"]
[Site "http://www.queenalice.com/game.php?id=135428"]
[Date "2006.12.1"]
[Round "-"]
[White "mhemzo"]
[Black "TortugaChat"]
[Result "1-0"]
[WhiteElo "1087"]
[BlackElo "1657"]

1. d4 d5 2. c4 dxc4 3. Nf3 Bg4 4. Ne5 Bf5 5. e4 Bxe4 6. Nc3 f5 7. Nxe4 fxe4 8.
Bxc4 Nh6 9. Bxh6 e6 10. Qh5+ g6 11. Nxg6 Kd7 12. Nxh8 Bb4+ 13. Kf1 Qxh8 14. Qb5+
Nc6 15. Qxb7 Rb8 16. Bxe6+ Kxe6 17. Qxc6+ Bd6 18. Qxe4+ Kd7 19. Qf5+ Kc6 20.
Rc1+ Kb7 21. Qd5+ Kc8 22. Qxd6 Qd8 23. Qe6+ Kb7 24. Bg5 Qe8 25. d5 Qb5+ 26. Kg1
Re8 27. Qf7 Rc8 28. d6 1-0

[Event "Bruscato"]
[Site "http://www.queenalice.com/game.php?id=135429"]
[Date "2006.12.1"]
[Round "-"]
[White "TortugaChat"]
[Black "mhemzo"]
[Result "0-1"]
[WhiteElo "1672"]
[BlackElo "1087"]

1. e4 e6 2. d4 d5 3. Nc3 Bb4 4. Bd2 dxe4 5. Nb5 a5 6. c3 Bf8 7. Qa4 c6 8. Na3
Nf6 9. O-O-O b5 10. Qb3 Be7 11. f3 O-O 12. fxe4 Nxe4 13. Nh3 Nxd2 14. Rxd2 Nd7
15. Bd3 Nf6 16. Rf1 b4 17. Qc4 bxa3 18. b3 Qd7 19. Ng5 Ba6 20. Qa4 Bb5 21. Bxb5
cxb5 22. Qxb5 Qxb5 0-1

[Event "Challenge"]
[Site "http://www.queenalice.com/game.php?id=157332"]
[Date "2007.1.22"]
[Round "-"]
[White "TortugaChat"]
[Black "gardez2005"]
[Result "0-1"]
[WhiteElo "1649"]
[BlackElo "1682"]

1. e4 e5 2. Nf3 Nc6 3. Bb5 Nf6 4. Bxc6 dxc6 5. d3 Bg4 6. Bg5 Be7 7. h3 Bxf3 8.
Qxf3 O-O 9. Na3 h6 10. Bh4 Nd7 11. Bg3 Bh4 12. O-O Qf6 13. Qg4 Bxg3 14. Qxg3
Rad8 15. f4 exf4 16. Rxf4 Qd4+ 17. Kh2 Qxb2 18. Raf1 Qxa3 19. Rg4 g6 20. Qxc7
Qxa2 21. Qxb7 Qxc2 22. Qxc6 Qxc6 0-1

[Event "Let's Play Chess!"]
[Site "http://www.queenalice.com/game.php?id=163203"]
[Date "2007.2.4"]
[Round "-"]
[White "TortugaChat"]
[Black "colognestar"]
[Result "0-1"]
[WhiteElo "1672"]
[BlackElo "2065"]

1. e4 c5 2. Nf3 e6 3. d3 Nc6 4. c4 g6 5. Nc3 Bg7 6. d4 cxd4 7. Bg5 f6 8. Nxd4
fxg5 9. Nxc6 bxc6 10. Qf3 Qf6 11. Qe2 Ne7 12. O-O-O O-O 13. Re1 Qxf2 14. Qd1
Bxc3 15. bxc3 Qxa2 16. Qd2 Qa3+ 17. Kd1 Rb8 18. Bd3 Rb2 19. Qc1 Rff2 20. Re2
Rfxe2 21. Bxe2 Qb3+ 0-1

[Event "Let's Play Chess!"]
[Site "http://www.queenalice.com/game.php?id=163368"]
[Date "2007.2.4"]
[Round "-"]
[White "Lightningzap007"]
[Black "TortugaChat"]
[Result "0-1"]
[WhiteElo "1635"]
[BlackElo "1657"]

1. e4 e5 2. Nf3 Nc6 3. Bc4 f6 4. d4 Na5 5. Bxg8 Rxg8 6. dxe5 b6 7. Qd5 Bb7 8.
Qxg8 Bxe4 9. exf6 Qxf6 10. Nbd2 Bxf3 11. Nxf3 Qe7+ 12. Kd1 O-O-O 13. Qxh7 Qd6+
14. Qd3 Qc5 15. Be3 Qe7 16. Bg5 Qd6 17. Qxd6 Bxd6 0-1